| 000 | 00000nam 2200000za 4500 |
| 001 | 9.571966 |
| 003 | CaOODSP |
| 005 | 20210624183004 |
| 007 | cr ||||||||||| |
| 008 | 150406|1998||||xxc|||||o f|0| 0 eng d |
| 040 | |aCaOODSP|beng |
| 043 | |an-cn--- |
| 086 | 1 |aC21-25/6-1998E-PDF |
| 110 | 1 |aCanada. |bIndustry Canada. |
| 245 | 10|aInternational market contestability and the new issues at the World Trade Organization |h[electronic resource] / |cby Edward M. Graham. |
| 260 | |aOttawa : |bIndustry Canada, |cFebruary 1998. |
| 300 | |a23 p. |
| 490 | 1 |aDiscussion paper ; |vNo. 6 |
| 500 | |aThe catalogue number (C21-25/6-1998) and ISBN (0-662-63377-6) for the bilingual print edition have been incorrectly copied in this electronic publication. |
| 504 | |aBibliography. |
| 590 | |a11-25-Supp|b2011-10-31 |
| 720 | 1 |aGraham, Edward M. |
| 775 | 08|tRivalité sur les marchés internationaux et nouveaux enjeux pour l'Organisation mondiale du commerce |w(CaOODSP)9.602386 |
| 830 | #0|aDiscussion paper (Canada. Industry Canada : Online)|vNo. 6|w(CaOODSP)9.504417 |
| 856 | 40|ahttp://publications.gc.ca|qPDF|s62 KB|uhttps://publications.gc.ca/collections/Collection/C21-25-6-1998E.pdf|yNo. 6 |